The wayward winds (Record no. 61542)

MARC details
000 -LEADER
fixed length control field 00483nam a2200157 a 4500
008 - FIXED-LENGTH DATA ELEMENTS--GENERAL INFORMATION
fixed length control field 120416s0000 ||||||||||||||||| || u
020 ## - INTERNATIONAL STANDARD BOOK NUMBER
International Standard Book Number 055211944X
050 ## - LIBRARY OF CONGRESS CALL NUMBER
Classification number PR 6061 Kah
100 ## - MAIN ENTRY--PERSONAL NAME
Personal name Kaha, Evelyn
245 14 - TITLE STATEMENT
Title The wayward winds
246 ## - VARYING FORM OF TITLE
Title proper/short title Evelyn Kahn
260 ## - PUBLICATION, DISTRIBUTION, ETC.
Place of publication, distribution, etc. London
Name of publisher, distributor, etc. Transworld Publishers
Date of publication, distribution, etc. 1981
300 ## - PHYSICAL DESCRIPTION
Extent 442p.
350 ## - PRICE (NR) (BK AM CF MU VM SE) [OBSOLETE]
Price 0.00
995 ## - RECOMMENDATION 995 [LOCAL, UNIMARC FRANCE]
-- 0.00
-- CBU-MAIN LIBRARY (Kitwe)
-- 1
-- 1.95
-- 1
-- LOST
-- Fiction Collection
Holdings
Withdrawn status Lost status Source of classification or shelving scheme Damaged status Not for loan Home library Current library Shelving location Date acquired Total Checkouts Full call number Barcode Date last seen Price effective from Koha item type
          CBU-MAIN LIBRARY, KITWE. CBU-MAIN LIBRARY, KITWE.   11/30/2022   PR 6061 Kah 711286 11/30/2022 11/30/2022 MONOGRAPH